Normal view
MARC view
Entry Personal Name
001 - CONTROL NUMBER
- control field: 49987
003 - CONTROL NUMBER IDENTIFIER
- control field: ARRUPE
005 - DATE AND TIME OF LATEST TRANSACTION
- control field: 20201021155255.0
008 - FIXED-LENGTH DATA ELEMENTS
- fixed length control field: 201021|| aca||aabn | a|a d
040 ## - CATALOGING SOURCE
- Original cataloging agency: ARRUPE
- Transcribing agency: ARRUPE
100 ## - HEADING--PERSONAL NAME
- Personal name: Steinitz, Lucy Y.
670 ## - SOURCE DATA FOUND
- Source citation: Work cat.: (ARRUPE): Steinitz, Lucy Y., Making it happen:, 2005.